Normal view
MARC view
- Nielsen, Clara,
Entry Nombre Personal
001 - NUMERO DE CONTROL
- campo de control: 53486
003 - IDENTIFICADOR DE NUMERO DE CONTROL
- campo de control: DLC
005 - FECHA Y HORA DE LA ÜLTIMA TRANSACCIÓN
- campo de control: 20240909110447.0
008 - DATOS DE LONGITUD FIJA
- campo de control de longitud fija: 171214nn acnnnaabn |n aaa c
010 ## - NÚMERO DE CONTROL DE LA BIBLIOTECA DEL CONGRESO
- Número de control LC: no2017163827
035 ## - NUMERO DE CONTROL
- Número de control: (OCoLC)oca11107828
040 ## - FUENTE DE CATALOGACIÓN
- Agencia original de catalogación: WaU
- Lenguaje de catalogación: spa
- Description conventions: rda
- Agencia de transcripción: WaU
- Agencia que lo modifica: MX-MxUPN
046 ## - FECHAS CON CODIFICACIÓN ESPECIAL
- Fecha de nacimiento: 1987
- Fuente del formato de fecha: edtf
100 1# - ENCABEZAMIENTO - NOMBRE PERSONAL
- Nombre personal: Nielsen, Clara,
- Fechas asociadas con el nombre: 1987-
370 ## - LUGAR ASOCIADO
- Place of birth: Eckernförde (Germany)
- Fuente del término: naf
670 ## - FUENTE EN LA QUE SE LOCALIZARON DATOS
- Cita de la fuente: Lautstärke ist weiblich, 2017:
- Información localizada: portada (Clara Nielsen) página 3 de la cubierta (she was born in 1987 in Eckernförde)
670 ## - FUENTE EN LA QUE SE LOCALIZARON DATOS
- Cita de la fuente: Manual de lectura fácil, 2022 :
- Información localizada: portada (Clara Nielsen)
902 ## - CATALOGADOR
- Catalogador: VíctorGodínez/090924
